Ainsi naquit Hollywood : Avant l'âge d'or, les ambitions de la Triangle et des premiers studios (notice n° 1568521)

détails MARC
000 -LEADER
fixed length control field 01669cam a2200133 4500500
005 - DATE AND TIME OF LATEST TRANSACTION
control field 20251214004413.0
041 ## - LANGUAGE CODE
Language code of text/sound track or separate title fre
042 ## - AUTHENTICATION CODE
Authentication code dc
100 10 - MAIN ENTRY--PERSONAL NAME
Personal name Vernet, Marc
Relator term author
245 00 - TITLE STATEMENT
Title Ainsi naquit Hollywood : Avant l'âge d'or, les ambitions de la Triangle et des premiers studios
260 ## - PUBLICATION, DISTRIBUTION, ETC.
Name of publisher, distributor, etc. Armand Colin,<br/>
Date of publication, distribution, etc. 2018.<br/>
520 ## - SUMMARY, ETC.
Summary, etc. À partir des archives de la Triangle Film Corporation, Marc Vernet retrace ici l’histoire courte et mouvementée de cette firme pionnière du cinéma hollywoodien et, à travers elle, des premières implantations de studios dans la région de Los Angeles au cours de la seconde moitié des années 1910. Il décrit les mutations décisives qui ont lieu dans un temps où le 7e est en train de s’inventer et de s’établir : course à l’indépendance, passage de l’Est à l’Ouest, du court au long métrage, des entreprises locales aux stratégies nationales, de la lumière naturelle à l’éclairage artificiel, du prestige européen à l’américanisation du cinéma…Illustré par des documents d’exception, cet ouvrage démêle les logiques dynamiques au cœur de la création de Hollywood, dans un contexte économique de forte croissance, et politique d’une grande instabilité. Des années décisives pour l’art cinématographique, qui connaîtront l’émergence de stars prenant leur carrière en main, ainsi qu’une très vive concurrence opposant non seulement producteurs, distributeurs et exploitants, mais également les grands du moment : Griffith, Ince, Sennett, DeMille…
856 41 - ELECTRONIC LOCATION AND ACCESS
Uniform Resource Identifier <a href="https://shs.cairn.info/ainsi-naquit-hollywood--9782200275969?lang=fr&redirect-ssocas=7080">https://shs.cairn.info/ainsi-naquit-hollywood--9782200275969?lang=fr&redirect-ssocas=7080</a>

Pas d'exemplaire disponible.

PLUDOC

PLUDOC est la plateforme unique et centralisée de gestion des bibliothèques physiques et numériques de Guinée administré par le CEDUST. Elle est la plus grande base de données de ressources documentaires pour les Étudiants, Enseignants chercheurs et Chercheurs de Guinée.

Adresse

627 919 101/664 919 101

25 boulevard du commerce
Kaloum, Conakry, Guinée

Réseaux sociaux

Powered by Netsen Group @ 2025